| 000 | 00998cam a22002894a 4500 | ||
|---|---|---|---|
| 001 | 12569502 | ||
| 003 | JO-AjAnu | ||
| 005 | 20231202134218.0 | ||
| 008 | 011026s2002 nyu b 001 0 eng | ||
| 010 | _a 2001054847 | ||
| 020 | _a0273655833 (pbk.) | ||
| 040 |
_aDLC _cDLC _dDLC _dJO-AjAnu |
||
| 042 | _apcc | ||
| 050 | 0 | 0 |
_aHF5625 _b.C74 2002 |
| 082 | 0 | 0 |
_a657 _221 |
| 245 | 0 | 0 |
_aComparative international accounting / _c[edited by] Christopher Nobes, Robert Parker. |
| 250 | _a7th ed. | ||
| 260 |
_aNew York : _bFinancial Times/Prentice-Hall, _cc2002. |
||
| 300 |
_axix, 593 p. ; _c25 cm. |
||
| 504 | _aIncludes bibliographical references and index. | ||
| 650 | 0 | _aComparative accounting. | |
| 700 | 1 |
_aNobes, Christopher. _eeditor |
|
| 700 | 1 |
_aParker, R. H. _q(Robert Henry) _eeditor |
|
| 906 |
_a7 _bcbc _corignew _d1 _eocip _f20 _gy-gencatlg |
||
| 942 |
_2lcc _cBK _n0 |
||
| 999 |
_c33211 _d33211 |
||